| 000 | 00951nam a2200217Ia 4500 | ||
|---|---|---|---|
| 003 | Ost | ||
| 005 | 20260507074847.0 | ||
| 008 | 260507s9999||||xx |||||||||||||| ||und|| | ||
| 020 | _a9789947047712 | ||
| 040 | _cfsecg | ||
| 041 | _aara | ||
| 082 | _a310 | ||
| 100 |
_aبلمير، بلحسن _eمؤلف |
||
| 245 | 0 |
_aإحصاء ونظرية عامة / _c بلحسن بلمير |
|
| 260 |
_aالجزائر: _bدار هومة, _c2016 |
||
| 300 |
_a150 صفحة؛ _bإيضاحات ؛ _c23 سم |
||
| 504 | _aببليوغرافيا: ص.149-150 | ||
| 520 | _aمقدمة في الاحصاء، العرض البياني، التوزيع الاحصائي، النزعة المركزية، التشتت، العزوم، الالتواء والتفرطح، الأرقام القياسية، الانحدار، الارتباط، السلاسل الزمنية | ||
| 653 | _aالإحصاء - المعاملات الإرتباطية | ||
| 942 | _cكتاب | ||
| 999 |
_c41541 _d41541 |
||